00601 2200181 4500001002100000005001500021035002000036245010500056100001800161300005100179856002800230700005600258260003700314082001200351084001800363020002200381650001600403INLIS00000000114824120260409094135 a0010-04260000861 aPANDUAN BERBULAN MADU /cPenulis; Aiman Husaini, Editor; Qoni, Desain Cover; Aulia[r], Layout; Lendo0 aAiman Husaini a198 halaman :bIlustrasi ;c13 x 19 cmeKertas aPerpustakaan Keliling 10 aEditor; Qoni, Desain Cover; Aulia[r], Layout; Lendo aYogyakarta :bQudsi Media,c2022 a297.429 a297.429 AIM p a978-979-1149-06-2 4aAgama Islam